| 000 | 00794nam0a22002531 4500 | ||
|---|---|---|---|
| 001 | RU\NLR\INFOCOMM_237\5000000328 | ||
| 005 | 20250613085834.0 | ||
| 035 | _a(NLR Aleph) 009044572 | ||
| 090 |
_a9557653 _c9557653 |
||
| 100 | _a20080818d1958 |||y0rusy50 ca | ||
| 101 | 0 | _afre | |
| 102 | _aRU | ||
| 105 | _aa z 000zy | ||
| 200 | 1 |
_aL'Agriculture de l'U.R.S.S _e[album] _fSection de l'U.R.S.S. à l'Exposition universelle et internationale de Bruxelles, 1958 |
|
| 210 |
_a[Μ. _cs.n. _d1958] |
||
| 215 |
_a[72] с. _cил. _d26 см |
||
| 686 |
_aЭ8(1)0 _2rubbk |
||
| 712 | 0 | 2 |
_aExposition universelle et intern. _bSection de l'URSS _eBruxelles _f1958 _4000 |
| 801 | 1 |
_aRU _bNLR _c20080818 |
|
| 801 | 0 |
_aRU _bNLR _gPSBO |
|
| 852 |
_aNLR _jЭк51 Г-8/26 |
||
| 942 | _cBOOK | ||
| 980 | _aNB | ||